| 000 | 00410nam a2200181Ia 4500 | ||
|---|---|---|---|
| 008 | 210210b1937 xxu||||| |||| 00| 0 eng d | ||
| 041 | _aeng | ||
| 082 | _a570/14 | ||
| 100 | _aEASTWOOD (C G) | ||
| 245 | _aHand book of hygiene | ||
| 260 |
_aLondon _bEdward Arnold & Co _c1937 |
||
| 650 | _aof | ||
| 650 | _ahygiene | ||
| 650 | _aHand | ||
| 650 | _abook | ||
| 690 | _aHuman Physiology | ||
| 906 | _a010206 | ||
| 999 |
_c137974 _d137974 |
||